<?xml version="1.0" encoding="UTF-8"?>
<record
    xmlns:xsi="http://www.w3.org/2001/XMLSchema-instance"
    xsi:schemaLocation="http://www.loc.gov/MARC21/slim http://www.loc.gov/standards/marcxml/schema/MARC21slim.xsd"
    xmlns="http://www.loc.gov/MARC21/slim">

  <leader>00366nam a22001217a 4500</leader>
  <datafield tag="040" ind1=" " ind2=" ">
    <subfield code="c">SK</subfield>
  </datafield>
  <datafield tag="082" ind1=" " ind2=" ">
    <subfield code="a">531</subfield>
  </datafield>
  <datafield tag="100" ind1=" " ind2=" ">
    <subfield code="a">FAO</subfield>
  </datafield>
  <datafield tag="245" ind1=" " ind2=" ">
    <subfield code="a">&#x1795;&#x17C2;&#x1793;&#x1780;&#x17B6;&#x179A;&#x179F;&#x1780;&#x1798;&#x17D2;&#x1798;&#x1797;&#x17B6;&#x1796;&#x1787;&#x17B6;&#x178F;&#x17B7;&#x179F;&#x17C6;&#x179A;&#x17B6;&#x1794;&#x17CB;&#x17CB;&#x17A7;&#x178F;&#x17D2;&#x178F;&#x1798;&#x179F;&#x17B7;&#x1780;&#x17D2;&#x179F;&#x17B6;&#x1780;&#x179F;&#x17B7;&#x1780;&#x1798;&#x17D2;&#x1798;</subfield>
  </datafield>
  <datafield tag="260" ind1=" " ind2=" ">
    <subfield code="a">&#x1780;&#x17D2;&#x179A;&#x179F;&#x17BD;&#x1784;&#x1780;&#x179F;&#x17B7;&#x1780;&#x1798;&#x17D2;&#x1798;</subfield>
    <subfield code="b">FAO</subfield>
    <subfield code="c">1998</subfield>
  </datafield>
  <datafield tag="300" ind1=" " ind2=" ">
    <subfield code="a">371p.</subfield>
  </datafield>
  <datafield tag="942" ind1=" " ind2=" ">
    <subfield code="c">KB</subfield>
  </datafield>
  <datafield tag="999" ind1=" " ind2=" ">
    <subfield code="c">9962</subfield>
    <subfield code="d">9962</subfield>
  </datafield>
  <datafield tag="952" ind1=" " ind2=" ">
    <subfield code="0">0</subfield>
    <subfield code="1">0</subfield>
    <subfield code="4">0</subfield>
    <subfield code="6">531_000000000000000_FAO_1998_C170</subfield>
    <subfield code="7">0</subfield>
    <subfield code="9">52217</subfield>
    <subfield code="a">LBC</subfield>
    <subfield code="b">LBC</subfield>
    <subfield code="c">C170</subfield>
    <subfield code="d">2016-09-16</subfield>
    <subfield code="o">531 FAO 1998 C170</subfield>
    <subfield code="p">RUA045413</subfield>
    <subfield code="r">2016-09-16</subfield>
    <subfield code="y">KB</subfield>
  </datafield>
</record>
